Southville International School and Colleges
Your cart is empty.
  • Cart
  • Lists
    Public lists Eva Luna New books Lux_list list_1
    Your lists Log in to create your own lists
  • Log in to your account
  • Your cookies
  • Search history
Southville International School and Colleges
  • Advanced search
  • Recent comments
  • Most popular
  • Libraries

Log in to your account

Log in with GOOGLE


If you do not have an external account, but do have a local account, you can still log in:

  1. Home
  2. MARC view: Marketing :
Normal view MARC view ISBD view

Marketing : (Record no. 25345)

[ view plain ]
MARC details
000 -LEADER
fixed length control field 00653nam a2200217 a 4500
005 - DATE AND TIME OF LATEST TRANSACTION
control field 20140310183617.0
008 - FIXED-LENGTH DATA ELEMENTS--GENERAL INFORMATION
fixed length control field 120904s19uu xx 00 eng d
020 ## - INTERNATIONAL STANDARD BOOK NUMBER
International Standard Book Number 9781849205719
050 ## - LIBRARY OF CONGRESS CALL NUMBER
Classification number HF 5415
Item number .M3345 2010
100 ## - MAIN ENTRY--PERSONAL NAME
Personal name Masterson, Rosalind
245 ## - TITLE STATEMENT
Title Marketing :
Remainder of title an introduction /
Statement of responsibility, etc Rosalind Masterson & David Pickton.
250 ## - EDITION STATEMENT
Edition statement 2nd ed.
260 ## - PUBLICATION, DISTRIBUTION, ETC. (IMPRINT)
Place of publication, distribution, etc London ; Thousand Oaks, CA :
Name of publisher, distributor, etc SAGE,
Date of publication, distribution, etc 2010.
300 ## - PHYSICAL DESCRIPTION
Extent xviii, 508 p.
Other physical details col. ill. ;
Dimensions 29 cm.
500 ## - GENERAL NOTE
General note Includes bibliographical references and index.
521 ## - TARGET AUDIENCE NOTE
Target audience note
546 ## - LANGUAGE NOTE
Language note C15384
650 ## - SUBJECT ADDED ENTRY--TOPICAL TERM
Topical term or geographic name as entry element Marketing
700 ## - ADDED ENTRY--PERSONAL NAME
Personal name Pickton, David.
942 ## - ADDED ENTRY ELEMENTS (KOHA)
Koha item type Books
Source of classification or shelving scheme Library of Congress Classification
Call number prefix Foreign
Holdings
Withdrawn status Lost status Source of classification or shelving scheme Damaged status Home library Current library Shelving location Date acquired Total Checkouts Full call number Barcode Date last seen Date checked out Copy number Price effective from Koha item type
    Library of Congress Classification   College Library College Library General Circulation Section 12/04/2013 2 HF 5415 .M3345 2010 C15384 07/05/2019 07/02/2019 1 12/04/2013 Books

Marketing :

APA

Masterson R., Pickton D., . (2010). Marketing. London ; Thousand Oaks, CA: SAGE.

Chicago

Masterson Rosalind, Pickton David, . 2010. Marketing. London ; Thousand Oaks, CA: SAGE.

Harvard

Masterson R., Pickton D., . (2010). Marketing. London ; Thousand Oaks, CA: SAGE.

MLA

Masterson Rosalind, Pickton David, . Marketing. London ; Thousand Oaks, CA: SAGE. 2010.

  • Place hold
  • Print
  • Cite
  • Add to your cart (remove)
  • Save record
    BIBTEX Dublin Core MARCXML MARC (non-Unicode/MARC-8) MARC (Unicode/UTF-8) MARC (Unicode/UTF-8, Standard) MODS (XML) RIS
  • More searches
    Search for this title in:
    Other Libraries (WorldCat) Other Databases (Google Scholar) Online Stores (Bookfinder.com) Open Library (openlibrary.org)

Exporting to Dublin Core...

SOUTHVILLE LIBRARY

Southville International School and Colleges Library

1281 Tropical Ave. Cor. Luxembourg St., BF Homes International, Las Pinas City

Tel. No. 8256374 / 252358 Loc. 117/146

Powered by Koha